000 00214nam a2200073Ia 4500
008 170817s9999 xx 000 0 und d
100 _aYadav.Saroj
245 0 _aVartamaan Chintan Vishay Aur Shiksha Mein Chalan
260 _bR S A International .AGRA
999 _c39712
_d39712